| 000 | 01135nam a2200265Ia 4500 | ||
|---|---|---|---|
| 003 | OSt | ||
| 005 | 20221005104950.0 | ||
| 006 | a|||||r|||| 00| 0 | ||
| 007 | ta | ||
| 008 | 221004b |||||||| |||| 00| 0 hin d | ||
| 020 |
_a9788185999715 (hbk) _c650 |
||
| 024 | _a6740 | ||
| 037 |
_b149, 29/08/2013, Swaraj Prakashan _cTextual |
||
| 040 |
_aCRL _cCRL _bhin |
||
| 041 |
_2hin _ahin |
||
| 082 | _aO152,2M89:g(NT), P9 | ||
| 100 | _aपालीवाल, रीतारानी | ||
| 245 | 0 | _aजयशंकर प्रसाद और मोहन राकेश की रंग दृष्टि का तुलनात्मक अध्ययन | |
| 246 | _aJayashankar prasād aur mohan rākesh kī ranga dṛuṣhṭi kā tulanātmak adhyayana | ||
| 260 |
_aदिल्ली _bस्वराज प्रकाशन भारत _c2009 |
||
| 300 |
_a375पृ0 _ccm. |
||
| 650 | _aहिन्दी साहित्य | ||
| 942 |
_hO152,2M89:g(NT), P9 _cTEXL _2cc |
||
| 999 |
_c1014325 _d1014325 |
||